000 00387nam a22000977a 4500
008 170306b xxu||||| |||| 00| 0 eng d
100 _aMarxhausen, E.
245 _aBrief biographies of Protestant personalities on postage stamps
260 _aJefferson, WI
_bPublished by Protestant Philately
_c1965
650 _aTopical Collecting -- Religion | Topical Collecting -- Famous People | Biographies
999 _c2304
_d2304